| 000 | 00355nam a22001217a 4500 | ||
|---|---|---|---|
| 008 | 160210b xxu||||| |||| 00| 0 eng d | ||
| 020 | _a0852892824 | ||
| 245 |
_aBusiness Law Reports _cEdited by Paul Magrath Barrister |
||
| 260 |
_aEngland _bICLR _c2012 |
||
| 300 | _axxxix, 1921p. | ||
| 650 |
_aCommercial law _vcases _zGreat Britain |
||
| 942 |
_2lcc _cREF |
||
| 999 |
_c15626 _d15626 |
||